| Record ID | marc_loc_2016/BooksAll.2016.part16.utf8:7124809:559 |
| Source | Library of Congress |
| Download Link | /show-records/marc_loc_2016/BooksAll.2016.part16.utf8:7124809:559?format=raw |
LEADER: 00559nam a2200181 a 4500
001 84190170
003 DLC
005 19850504000000.0
008 850426s1984 ve a 00010 spa
010 $a 84190170
050 0 $aPQ8550.12.R5$bM4 1984
082 0 $a868$219
100 20 $aBritto García, Luis.
245 10 $aMe río del mundo /$cLuis Britto García.
260 0 $aCaracas, Venezuela :$bPublicaciones Seleven,$c[1984?]
300 $a198 p. :$bill. ;$c23 cm.
490 1 $aColección Grandes autores
830 0 $aColección Grandes autores (Caracas, Venezuela)